[Event "IECG QN.2002.0.00215"]
[Site "IECG email"]
[Date "2002.03.13"]
[Round "?"]
[White "Garcia Alonso, Juan Luis"]
[Black "Mbongo, Bhekizizwe"]
[Result "1-0"]
[WhiteElo "800"]
[BlackElo "747"]
[PlyCount "57"]
[EventDate "2002.03.13"]
[EventType "tourn (corr)"]
[EventRounds "6"]
[SourceTitle "Corr 2008"]
[Source "ChessBase"]
[SourceDate "2008.06.24"]
[SourceVersion "1"]
[SourceVersionDate "2008.06.24"]
[SourceQuality "1"]

1. e4 c5 2. Nf3 d6 3. c3 Nf6 4. Ng5 a6 5. Bc4 e6 6. d4 b5 7. Bd3 c4 8. Bc2 Be7 9. 0-0 d5 10. e5 Ne4 11. Nxe4 dxe4 12. Bxe4 Ra7 13. Qg4 g6 14. Nd2 0-0 15. Nf3 Bb7 16. Bh6 Re8 17. Ng5 Bxg5 18. Bxg5 Qb6 19. Bf6 Nd7 20. Bg5 Bxe4 21. Qxe4 a5 22. Bf6 Nxf6 23. exf6 Qd6 24. Rfe1 Qf8 25. Qc6 Rb8 26. Re5 Qd8 27. Rxb5 Rxb5 28. Qxb5 Qxf6 29. Qb8+ 1-0

[Event "IECG QN.2002.0.00214"]
[Site "IECG email"]
[Date "2002.03.08"]
[Round "?"]
[White "Johnson, Aaron"]
[Black "Garcia Alonso, Juan Luis"]
[Result "0-1"]
[WhiteElo "800"]
[BlackElo "800"]
[PlyCount "46"]
[EventDate "2002.03.08"]
[EventType "tourn (corr)"]
[EventRounds "6"]
[SourceTitle "Corr 2008"]
[Source "ChessBase"]
[SourceDate "2008.06.24"]
[SourceVersion "1"]
[SourceVersionDate "2008.06.24"]
[SourceQuality "1"]

1. e4 c5 2. d4 cxd4 3. Qxd4 Nc6 4. Qe3 e6 5. Nf3 d6 6. Bb5 a6 7. Qa3 d5 8. Qb3 axb5 9. Qxb5 dxe4 10. Ne5 Qd5 11. Qxd5 exd5 12. Nc3 Nxe5 13. 0-0 Ne7 14. Nb5 Ra5 15. Nd6+ Kd7 16. Nxc8 Kxc8 17. Bf4 N7g6 18. b4 Bxb4 19. Rac1 Nxf4 20. c3 Ne2+ 21. Kh1 Nxc1 22. Rxc1 Ba3 23. Rb1 Nd3 0-1

[Event "IECG CN.2001.0.00274"]
[Site "IECG email"]
[Date "2001.12.17"]
[Round "?"]
[White "Monill, Favio"]
[Black "Garcia Alonso, Juan Luis"]
[Result "1-0"]
[WhiteElo "800"]
[BlackElo "800"]
[PlyCount "29"]
[EventDate "2001.12.17"]
[EventType "tourn (corr)"]
[EventRounds "6"]
[SourceTitle "Corr 2008"]
[Source "ChessBase"]
[SourceDate "2008.06.24"]
[SourceVersion "1"]
[SourceVersionDate "2008.06.24"]
[SourceQuality "1"]

1. e4 c5 2. Nf3 Nc6 3. d4 e6 4. d5 Nd4 5. Nxd4 cxd4 6. Qxd4 Nf6 7. d6 Qb6 8. Qxb6 axb6 9. e5 Ng4 10. f4 f6 11. Be2 Nh6 12. Nc3 Nf5 13. Nb5 Kf7 14. Bd2 Nd4 15. Nxd4 1-0

[Event "IECG CN.2001.0.00272"]
[Site "IECG email"]
[Date "2001.12.03"]
[Round "?"]
[White "Torre, Leandro"]
[Black "Garcia Alonso, Juan Luis"]
[Result "1-0"]
[WhiteElo "792"]
[BlackElo "800"]
[PlyCount "45"]
[EventDate "2001.12.03"]
[EventType "tourn (corr)"]
[EventRounds "6"]
[SourceTitle "Corr 2008"]
[Source "ChessBase"]
[SourceDate "2008.06.24"]
[SourceVersion "1"]
[SourceVersionDate "2008.06.24"]
[SourceQuality "1"]

1. e4 e5 2. Bc4 Nf6 3. d3 d5 4. exd5 c6 5. dxc6 Nxc6 6. Nf3 Bc5 7. 0-0 Nd4 8. Nxe5 Ne6 9. Bb5+ Bd7 10. Nxd7 Nxd7 11. Re1 0-0 12. d4 Nxd4 13. Bxd7 Qxd7 14. c3 Rad8 15. cxd4 Bxd4 16. Nc3 Bxf2+ 17. Kxf2 Qf5+ 18. Qf3 Qxf3+ 19. Kxf3 Rd3+ 20. Be3 b5 21. Nxb5 Re8 22. Nxa7 f5 23. Nc6 1-0

[Event "IECG RN.2001.0.00010"]
[Site "IECG email"]
[Date "2001.11.28"]
[Round "?"]
[White "Krahl, Wolfgang"]
[Black "Garcia Alonso, Juan Luis"]
[Result "0-1"]
[WhiteElo "651"]
[BlackElo "800"]
[PlyCount "48"]
[EventDate "2001.11.28"]
[EventType "tourn (corr)"]
[EventRounds "6"]
[SourceTitle "Corr 2024"]
[Source "ChessBase"]
[SourceDate "2023.10.19"]
[SourceVersion "1"]
[SourceVersionDate "2023.10.19"]
[SourceQuality "1"]

1. f4 Nf6 2. Nf3 e6 3. e3 d5 4. Nc3 Bd6 5. d4 c5 6. Bb5+ Nbd7 7. Bd3 c4 8. Qd2 0-0 9. g4 Nxg4 10. h3 Nxe3 11. Qxe3 cxd3 12. cxd3 Re8 13. f5 exf5 14. Ne4 fxe4 15. dxe4 Rxe4 16. Qxe4 dxe4 17. Ng5 Nf6 18. Be3 Bg3+ 19. Bf2 Bxf2+ 20. Kxf2 Qxd4+ 21. Kf1 Qd3+ 22. Ke1 Qe3+ 23. Kd1 Bg4+ 24. Kc2 Qd3+ 0-1